| 000 | 00829nam a2200229 a 4500 | ||
|---|---|---|---|
| 001 | 56132 | ||
| 003 | BD-RjUL | ||
| 005 | 20211209080345.0 | ||
| 008 | 161127s1996 ii |||| |||| 00| 0 ben d | ||
| 020 | _c: TK 200.00 | ||
| 035 | _a(BD-RjUL)56256 | ||
| 040 |
_aBD-RjUL _bben _cBD-RjUL |
||
| 041 | _aben | ||
| 082 |
_223 _a891.439092 _bNUM 1996 |
||
| 100 |
_aনুরদ্দীন, আবূ সাঈদ _9122431 |
||
| 245 | 1 | 0 |
_aমহাকবি ইকবাল / _cআবূ সাঈদ নুরদ্দীন |
| 260 |
_aঢাকা : _bআল্লামা ইকবাল সাংসদ, _c১৯৯৬ |
||
| 300 |
_a৪১৫ পৃ. ; _c১৯ সেমি. |
||
| 650 |
_aউর্দূ সাহিত্য _xজ়ীবনী _9122432 |
||
| 650 |
_aUrdu Literature _xBiography _9122433 |
||
| 942 |
_2ddc _cBK |
||
| 999 |
_c56132 _d56132 |
||